000 00485nam a2200181Ia 4500
001 8908
005 20260306160644.0
008 260306t2018||||xx |||||||||||||| ||spa||
041 _aESP
082 _a371.9046
_bH71
100 _aHolzschuher, Cynthia
_eAUT
245 0 _aCómo organizar aulas inclusivas:
_bpropuestas y estrategias para acoger las diferencias
260 _c2018
300 _a157 páginas :
_c24 cm.
650 _aGEN
654 _aCED
942 _cLIB
_dJUS
_fJUS
_2ddc
_n
999 _c8908
_d8908